Enseñanza de las ciencias sociales en el nivel primario
Збережено в:
| Автор: | |
|---|---|
| Формат: | Книга |
| Мова: | Іспанська |
| Опубліковано: |
Rosario
Homo Sapiens
2015
|
| Серія: | Educación
|
| Предмети: | |
| Теги: |
Додати тег
Немає тегів, Будьте першим, хто поставить тег для цього запису!
|
MARC
| LEADER | 00000cam a2200000 a 4500 | ||
|---|---|---|---|
| 001 | UCC9832 | ||
| 003 | CL-VaPUC | ||
| 005 | 20210911074632.0 | ||
| 008 | 191117e20150000ag spa d | ||
| 020 | |a 9789508088918 | ||
| 082 | 0 | 4 | |a 372.83 |b SIL |2 21 |
| 100 | 1 | |a Silber, Eduardo |e author |9 222227 | |
| 245 | 1 | 0 | |a Enseñanza de las ciencias sociales en el nivel primario |
| 260 | |a Rosario |b Homo Sapiens |c 2015 | ||
| 300 | |a 191 p | ||
| 490 | 0 | |a Educación | |
| 583 | |a last modification |c 20191117 22:03:00 |k cmena | ||
| 650 | 0 | 0 | |a Enseñanza de las ciencias sociales |9 337823 |
| 650 | 0 | 0 | |a Educación básica |9 224933 |
| 650 | 0 | 0 | |a Métodos de enseñanza |9 270413 |
| 650 | 0 | 0 | |a Formación docente |9 494449 |
| 942 | |c BK | ||
| 945 | |a cmena |d 20191117 22:03:00 | ||
| 999 | |c 167643 |d 167641 | ||
| 952 | |0 0 |1 0 |2 ddc |4 0 |7 0 |9 101988 |a BIBHIS |b BIBHIS |d 2019-10-07 |e 77 |g 1.00 |i 5561620 |r 2019-10-07 |t 1 |v 1.00 |w 2019-10-07 |y BK | ||
| 952 | |0 0 |1 0 |3 erb |4 0 |6 372_830000000000000_SIL_2015 |7 0 |8 A |9 495451 |a BIBHIS |b BIBHIS |i 5561620 |l 1 |o 372.83 SIL 2015 |p 5561620 |r 2025-01-20 |s 2022-03-01 |w 2020-01-06 |y BK |z Catalogado en:20191117 |k HIS | ||